[Event "European Blitz 2015"]
[Site "Minsk BLR"]
[Date "2015.12.18"]
[Round "19.32"]
[White "Rogule, Laura"]
[Black "Grishchenko, Sergey1"]
[Result "0-1"]
[WhiteTitle "WGM"]
[BlackTitle "IM"]
[WhiteElo "2289"]
[BlackElo "2442"]
[WhiteFideId "11601876"]
[BlackFideId "4136730"]
[EventDate "2015.12.18"]
[EventType "swiss (blitz)"]

1. c4 e6 2. d4 d5 3. Nf3 c5 4. cxd5 exd5 5. e3 Nc6 6. dxc5 Bxc5 7. Bb5 Nf6 8.
O-O O-O 9. b3 Bg4 10. Bb2 Re8 11. h3 Bh5 12. Nbd2 Rc8 13. Rc1 Bd6 14. Be2 Bb8
15. Re1 Qd6 16. Nf1 Ne4 17. Nd4 Bxe2 18. Rxe2 Ne5 19. Rec2 Rxc2 20. Rxc2 Qg6 21.
Rc1 h6 22. Nf3 Nxf3+ 23. Qxf3 Ng5 24. Qg4 f5 25. Qa4 Nxh3+ 26. Kh1 Nxf2+ 27. Kg1
Nd3 28. Rc2 Nxb2 29. Rxb2 Kh7 30. Qd7 f4 31. exf4 Bxf4 32. Qxd5 Bc7 33. Qxb7
Bb6+ 34. Kh2 Qh5+ 35. Kg3 Qe5+ 0-1

[Event "European Blitz 2015"]
[Site "Minsk BLR"]
[Date "2015.12.18"]
[Round "19.33"]
[White "Shkapenko, Pavel"]
[Black "Putka, Verners"]
[Result "0-1"]
[WhiteTitle "IM"]
[WhiteElo "2407"]
[BlackElo "2307"]
[WhiteFideId "4151933"]
[BlackFideId "11600659"]
[EventDate "2015.12.18"]
[EventType "swiss (blitz)"]

1. e4 e5 2. Nf3 Nf6 3. Nxe5 d6 4. Nf3 Nxe4 5. d3 Nf6 6. d4 Be7 7. h3 O-O 8. Bd3
c5 9. d5 Nxd5 10. Bxh7+ Kxh7 11. Qxd5 Nc6 12. O-O Kg8 13. Re1 Bf6 14. Nc3 Nb4
15. Qd1 Bf5 16. Ne4 Re8 17. Nxf6+ Qxf6 18. Rxe8+ Rxe8 19. c3 Nd3 20. Be3 Nxb2
21. Qb3 Nd3 22. Bg5 Qg6 23. Qxb7 Be4 24. Qb5 Re6 25. Qb8+ Kh7 26. h4 Bxf3 27.
gxf3 f6 28. Qc8 fxg5 29. h5 Qf7 30. Qc6 Nf4 31. Qb5 Qxh5 32. Qb1+ Kh6 33. Qf5
Rf6 34. Qc8 Qf7 35. Qh8+ Kg6 36. Re1 Re6 37. Rd1 d5 38. Qh2 Qf5 39. Qh8 Re2 40.
Qb8 Nh3+ 41. Kg2 Rxf2+ 0-1

[Event "European Blitz 2015"]
[Site "Minsk BLR"]
[Date "2015.12.18"]
[Round "19.34"]
[White "Olhovik, Andrei"]
[Black "Tukhaev, Adam"]
[Result "1/2-1/2"]
[BlackTitle "GM"]
[WhiteElo "2308"]
[BlackElo "2564"]
[WhiteFideId "13507397"]
[BlackFideId "14109476"]
[EventDate "2015.12.18"]
[EventType "swiss (blitz)"]

1. d4 Nf6 2. c4 e6 3. Nc3 Bb4 4. Qc2 O-O 5. a3 Bxc3+ 6. Qxc3 b5 7. cxb5 a6 8.
bxa6 Bxa6 9. Bg5 d6 10. Bxf6 Qxf6 11. e4 Qg6 12. f3 Bxf1 13. Kxf1 Na6 14. Ne2 c5
15. Kf2 Rfc8 16. Rac1 h6 17. b4 Rab8 18. dxc5 dxc5 19. Qd3 e5 20. b5 c4 21. Rxc4
Qb6+ 22. Kg3 Rd8 23. Qc3 Qg6+ 24. Kf2 Rxb5 25. Rc1 Qb6+ 26. Qe3 Qb7 27. R4c2 Rb3
28. Rc3 Rb5 29. Kg1 Kh7 30. a4 Rb4 31. Rc4 Rb3 32. R4c3 Rb2 33. R3c2 Rb4 34. Nc3
Rbd4 35. Nd5 Rxa4 36. h3 Rd4 37. Qa3 Ra8 38. Kh1 Qd7 39. Qa5 Qd8 40. Ra1 Qxa5
41. Rxa5 Nc7 42. Rxa8 Nxa8 43. Rc6 Ra4 44. Kh2 h5 45. h4 Ra7 46. Rc8 Ra6 47. Rb8
Ra7 48. Kg3 Nc7 49. Nxc7 Rxc7 1/2-1/2

[Event "European Blitz 2015"]
[Site "Minsk BLR"]
[Date "2015.12.18"]
[Round "19.35"]
[White "Zubritskiy, Artyom"]
[Black "Naboka, Sergey"]
[Result "1-0"]
[WhiteTitle "FM"]
[BlackTitle "FM"]
[WhiteElo "2422"]
[BlackElo "2266"]
[WhiteFideId "4181247"]
[BlackFideId "14123452"]
[EventDate "2015.12.18"]
[EventType "swiss (blitz)"]

1. d4 Nf6 2. c4 e6 3. g3 d5 4. Nf3 Be7 5. Bg2 O-O 6. O-O b6 7. cxd5 exd5 8. Qc2
c5 9. dxc5 bxc5 10. Rd1 Nc6 11. Nc3 g6 12. Bh6 Re8 13. Rac1 Bf5 14. Qa4 Nb4 15.
Ne5 Qc7 16. Bf4 Nh5 17. Nxd5 Nxd5 18. Bxd5 Nxf4 19. gxf4 Be6 20. Bxe6 fxe6 21.
Rd7 Qb6 22. Qc4 Bf6 23. b3 Rad8 24. Rcd1 Bxe5 25. Rxd8 Rxd8 26. Rxd8+ Qxd8 27.
Qxe6+ Kf8 28. Qxe5 Qh4 29. Qxc5+ Kg8 30. Qd5+ 1-0

[Event "European Blitz 2015"]
[Site "Minsk BLR"]
[Date "2015.12.18"]
[Round "19.36"]
[White "Tyutyunnikov, Alexey"]
[Black "Sharafiev, Azat"]
[Result "0-1"]
[BlackTitle "IM"]
[WhiteElo "2295"]
[BlackElo "2420"]
[WhiteFideId "4137060"]
[BlackFideId "4186214"]
[EventDate "2015.12.18"]
[EventType "swiss (blitz)"]

1. e4 c5 2. Nf3 d6 3. d4 cxd4 4. Nxd4 Nf6 5. Nc3 a6 6. a4 Nbd7 7. Be2 g6 8. O-O
Bg7 9. f4 O-O 10. Bf3 Qc7 11. Be3 e5 12. Nde2 exf4 13. Nxf4 Ne5 14. Nfd5 Nxd5
15. Nxd5 Qd8 16. Bb6 Qg5 17. c3 Be6 18. Nc7 Rac8 19. Nxe6 fxe6 20. Be2 Rxf1+ 21.
Bxf1 Rc6 22. a5 Nd7 23. Bf2 Be5 24. Qf3 Rc8 25. Be3 Qf6 26. Qg4 Qe7 27. Be2 Nf6
28. Qh4 Nd5 29. Qxe7 Nxe7 30. Bg4 Kf7 31. Rf1+ Bf6 32. Bd4 Ng8 33. Bb6 Ke7 34.
Rd1 Be5 35. Bf3 Nf6 36. h3 Rc4 37. Re1 Bg3 38. Rd1 Ra4 39. b3 Ra3 40. Rb1 Be5
41. c4 Nd7 42. Be3 Rxa5 43. Kf2 Ra2+ 44. Kg1 a5 45. Bg4 Nc5 46. Bd1 Nd3 47. Bf3
Kd7 48. Bg4 Nc5 49. Bxc5 dxc5 50. Rd1+ Bd4+ 51. Kh2 Kd6 52. Rd3 Ke5 53. Bf3 a4
54. bxa4 Rxa4 55. Rb3 Rb4 56. Rxb4 cxb4 57. Bd1 Kxe4 58. Bf3+ Kd3 59. Bxb7 b3
60. c5 b2 0-1

[Event "European Blitz 2015"]
[Site "Minsk BLR"]
[Date "2015.12.18"]
[Round "19.37"]
[White "Tokranovs, Dmitrijs"]
[Black "Stupak, Kirill"]
[Result "1/2-1/2"]
[BlackTitle "GM"]
[WhiteElo "2179"]
[BlackElo "2542"]
[WhiteFideId "11603011"]
[BlackFideId "13503758"]
[EventDate "2015.12.18"]
[EventType "swiss (blitz)"]

1. e4 e6 2. d4 d5 3. exd5 exd5 4. Nc3 Nf6 5. Bd3 c5 6. Qe2+ Be6 7. Nf3 Be7 8.
dxc5 O-O 9. O-O Bxc5 10. Bg5 h6 11. Bh4 Nbd7 12. Ne5 Nxe5 13. Qxe5 Ng4 14. Bxd8
Nxe5 15. Bc7 Nxd3 16. cxd3 Rac8 17. Be5 d4 18. Nb5 Rfd8 19. Rac1 Rd5 20. Bg3 Bb6
21. Nc7 Bxc7 22. Bxc7 Bf5 23. Rfd1 g5 24. f3 Rd7 25. Be5 Re8 26. Bg3 Re2 27. Rb1
Kh7 28. Kf1 Rc2 29. Bf2 Re7 30. Re1 Bxd3+ 31. Kg1 Ree2 32. Rxe2 Rxe2 33. Rd1 Bf5
34. Bxd4 b6 35. Bc3 Be6 36. a3 Kg6 37. Re1 Rc2 38. Rf1 h5 39. Rf2 Rc1+ 40. Rf1
Rc2 41. Rf2 1/2-1/2

[Event "European Blitz 2015"]
[Site "Minsk BLR"]
[Date "2015.12.18"]
[Round "19.38"]
[White "Ladva, Ottomar"]
[Black "Nazaretyan, Tigran"]
[Result "1-0"]
[WhiteTitle "IM"]
[WhiteElo "2401"]
[BlackElo "2301"]
[WhiteFideId "4500024"]
[BlackFideId "24162345"]
[EventDate "2015.12.18"]
[EventType "swiss (blitz)"]

1. Nf3 d5 2. g3 Bg4 3. Bg2 Nd7 4. d4 c6 5. O-O e6 6. Nbd2 f5 7. c4 Ngf6 8. b3
Bd6 9. Bb2 O-O 10. Qc1 Qe7 11. a4 a5 12. Ba3 Bb4 13. Bxb4 axb4 14. Re1 Ne4 15.
Nf1 Nc3 16. Ne3 Qf6 17. Nc2 c5 18. cxd5 exd5 19. Qd2 b6 20. Ne3 Rfd8 21. Qd3 Qe6
22. h3 Bxf3 23. Bxf3 g6 24. Rac1 Nf6 25. Nd1 Nfe4 26. Qe3 Re8 27. Nxc3 Nxc3 28.
Qxe6+ Rxe6 29. Rxc3 bxc3 30. Bxd5 Re8 31. dxc5 bxc5 32. Rc1 Kg7 33. Bxe6 Rxe6
34. Rxc3 Rb6 35. Rxc5 Rxb3 36. Rc7+ Kh6 37. a5 Ra3 38. Ra7 g5 39. a6 Kg6 40. Ra8
h6 41. Kg2 Kg7 42. e3 Kh7 43. a7 Kg7 44. f3 Ra2+ 45. Kf1 h5 46. g4 hxg4 47. hxg4
fxg4 48. fxg4 Kh7 49. e4 Kg7 50. e5 Ra4 51. e6 Rf4+ 52. Ke2 Rxg4 53. Rb8 Re4+
54. Kf3 1-0

[Event "European Blitz 2015"]
[Site "Minsk BLR"]
[Date "2015.12.18"]
[Round "19.39"]
[White "Karpov, Vadim"]
[Black "Zisman, Philip"]
[Result "0-1"]
[WhiteTitle "IM"]
[BlackTitle "FM"]
[WhiteElo "2377"]
[BlackElo "2304"]
[WhiteFideId "4155025"]
[BlackFideId "2805197"]
[EventDate "2015.12.18"]
[EventType "swiss (blitz)"]

1. e4 c5 2. Nf3 Nc6 3. Bb5 g6 4. Bxc6 bxc6 5. O-O Bg7 6. c3 Nh6 7. d4 cxd4 8.
cxd4 f6 9. Nc3 Nf7 10. b3 O-O 11. Bb2 d5 12. h3 g5 13. Nh2 dxe4 14. Nxe4 f5 15.
Nc5 Nd6 16. Re1 Bf6 17. Rc1 Qe8 18. Nf3 g4 19. hxg4 fxg4 20. Ne5 Qh5 21. Ncd7
Bxd7 22. Nxd7 Rf7 23. Nxf6+ Rxf6 24. Re5 Rf5 25. Rxc6 Raf8 26. Rc2 Qh4 27. Rxf5
Nxf5 28. d5 g3 29. Rc4 gxf2+ 0-1

[Event "European Blitz 2015"]
[Site "Minsk BLR"]
[Date "2015.12.18"]
[Round "19.40"]
[White "Vlassow, Valentin"]
[Black "Kuzin, Anton"]
[Result "0-1"]
[WhiteTitle "FM"]
[BlackTitle "IM"]
[WhiteElo "2262"]
[BlackElo "2409"]
[WhiteFideId "4164008"]
[BlackFideId "4148410"]
[EventDate "2015.12.18"]
[EventType "swiss (blitz)"]

1. b3 f5 2. Bb2 Nf6 3. Bxf6 exf6 4. c4 b6 5. Nc3 Bb7 6. Nf3 Nc6 7. g3 Ne5 8. Bg2
Nxf3+ 9. Bxf3 Bxf3 10. exf3 Kf7 11. O-O c6 12. Re1 Bb4 13. Qc2 g6 14. Re3 Bc5
15. Re2 Re8 16. Rae1 Rxe2 17. Rxe2 Qc7 18. Qd3 Rd8 19. f4 h5 20. h4 a6 21. Re1
b5 22. Qe2 Qd6 23. Nb1 Qd4 24. a3 bxc4 25. bxc4 Rb8 26. Kg2 Qe4+ 27. Qxe4 fxe4
28. Nc3 f5 29. Rb1 Rxb1 30. Nxb1 d5 31. cxd5 cxd5 32. Kf1 Ke6 33. Ke2 d4 34. d3
Kd5 35. f3 e3 36. Kd1 Kc6 37. Kc2 Kb5 38. Kd1 Ka4 39. g4 Bxa3 0-1

[Event "European Blitz 2015"]
[Site "Minsk BLR"]
[Date "2015.12.18"]
[Round "19.41"]
[White "Sysolyatin, Evgeny"]
[Black "Potapov, Alexey"]
[Result "1-0"]
[WhiteTitle "FM"]
[BlackTitle "IM"]
[WhiteElo "2289"]
[BlackElo "2389"]
[WhiteFideId "4154916"]
[BlackFideId "4182138"]
[EventDate "2015.12.18"]
[EventType "swiss (blitz)"]

1. e4 d6 2. d4 Nf6 3. Nc3 Nbd7 4. f4 e5 5. Nf3 exd4 6. Qxd4 c5 7. Qe3 Be7 8. Bd2
O-O 9. O-O-O a6 10. e5 Ng4 11. Qe1 dxe5 12. h3 Nh6 13. fxe5 Nf5 14. Bf4 Qa5 15.
g4 Nd4 16. Nd5 Bd8 17. Qxa5 Bxa5 18. Nxd4 cxd4 19. Rxd4 Re8 20. Bg2 Nxe5 21. b4
Bd8 22. Re4 f6 23. Rhe1 Be6 24. R4e2 Bf7 25. Bxe5 fxe5 26. Rxe5 Bg5+ 27. Kb1
Rxe5 28. Rxe5 Bd8 29. Ne3 Rc8 30. Bxb7 Rb8 31. Bd5 Rxb4+ 32. Kc1 Bxd5 33. Nxd5
Rd4 34. Re8+ Kf7 35. Rxd8 Re4 36. Nc3 Re3 37. Rd3 Re1+ 38. Kb2 Rg1 39. a4 Kg6
40. Rd6+ Kg5 41. Rxa6 Kh4 42. Ra7 g5 43. Rxh7+ Kg3 44. a5 Re1 45. a6 Re6 46. a7
Rb6+ 47. Kc1 Ra6 48. Nb5 Kg2 49. Rh8 1-0

[Event "European Blitz 2015"]
[Site "Minsk BLR"]
[Date "2015.12.18"]
[Round "19.42"]
[White "Kanter, Eduard"]
[Black "Pankov, German"]
[Result "0-1"]
[WhiteTitle "IM"]
[BlackTitle "IM"]
[WhiteElo "2353"]
[BlackElo "2404"]
[WhiteFideId "4103963"]
[BlackFideId "4174569"]
[EventDate "2015.12.18"]
[EventType "swiss (blitz)"]

1. d4 d5 2. c4 e5 3. e3 exd4 4. exd4 c6 5. Nc3 Nf6 6. Nf3 Bd6 7. Bd3 O-O 8. O-O
dxc4 9. Bxc4 Bg4 10. Bg5 Nbd7 11. Qd3 Qc7 12. h3 Bh5 13. Rfe1 Bg6 14. Qd2 Rfe8
15. a3 Nb6 16. Ba2 Ne4 17. Nxe4 Bxe4 18. Ne5 Bd5 19. Bb1 f6 20. Qd3 g6 21. Bxf6
Bf7 22. Bc2 Nd5 23. Nxf7 Qxf7 24. Be5 Bxe5 25. dxe5 Rf8 26. Qe2 Rae8 27. Bb3 Qe6
28. Rad1 Rf5 29. g3 Rxe5 30. Qxe5 Qxe5 31. Rxe5 Rxe5 32. Kf1 Kf7 33. f4 Re3 34.
Bxd5+ cxd5 35. Rxd5 Ke6 36. Rb5 b6 37. Kf2 Rd3 38. a4 Kd6 39. Kg2 Kc6 40. g4 a6
41. Rb4 b5 42. axb5+ axb5 43. Kf2 Kc5 44. Re4 Rxh3 45. f5 gxf5 46. gxf5 Kd5 47.
Rf4 Ke5 48. f6 Kxf4 49. f7 Rf3+ 0-1

[Event "European Blitz 2015"]
[Site "Minsk BLR"]
[Date "2015.12.18"]
[Round "19.43"]
[White "Vorontsov, Pavlo"]
[Black "Pogosian, Manvel"]
[Result "1-0"]
[WhiteTitle "IM"]
[WhiteElo "2395"]
[BlackElo "2382"]
[WhiteFideId "14116367"]
[BlackFideId "13503936"]
[EventDate "2015.12.18"]
[EventType "swiss (blitz)"]

1. e4 c6 2. d4 d5 3. exd5 cxd5 4. Bd3 Nc6 5. c3 Nf6 6. h3 Qc7 7. Nf3 g6 8. O-O
Bf5 9. Re1 Bxd3 10. Qxd3 Bg7 11. Nbd2 O-O 12. Nf1 Ne4 13. Ng5 Nxg5 14. Bxg5 e6
15. Nh2 h6 16. Bh4 Kh7 17. Bg3 Qd7 18. h4 f5 19. Bf4 Bf6 20. Nf3 Rg8 21. Qe3
Rae8 22. Bxh6 e5 23. Bg5 exd4 24. Qd2 dxc3 25. bxc3 Bg7 26. Rad1 Rxe1+ 27. Rxe1
Re8 28. Rxe8 Qxe8 29. Qxd5 Bxc3 30. h5 gxh5 31. Qxf5+ Qg6 32. Qd7+ Qg7 33. Qd3+
Kh8 34. Be3 Bf6 35. Qf5 h4 36. Qh5+ Qh7 37. Qe8+ Qg8 38. Qh5+ Qh7 39. Qe8+ Qg8
40. Qe4 Qxa2 41. Qg6 Qa1+ 42. Kh2 Be5+ 43. g3 hxg3+ 44. Kg2 gxf2 45. Bxf2 Qb2
46. Ng5 1-0

[Event "European Blitz 2015"]
[Site "Minsk BLR"]
[Date "2015.12.18"]
[Round "19.44"]
[White "Triapishko, Olexandr"]
[Black "Kochetkov, Vitali"]
[Result "1-0"]
[WhiteElo "2471"]
[BlackElo "2266"]
[WhiteFideId "14122286"]
[BlackFideId "13502735"]
[EventDate "2015.12.18"]
[EventType "swiss (blitz)"]

1. d4 d5 2. Nc3 e6 3. Bf4 Nf6 4. e3 Be7 5. Nf3 O-O 6. Bd3 a6 7. O-O c5 8. dxc5
Nc6 9. e4 dxe4 10. Nxe4 Nxe4 11. Bxe4 Qxd1 12. Rfxd1 Bxc5 13. Bd6 Bxd6 14. Rxd6
Ne7 15. Rad1 Rb8 16. c4 f5 17. Bc2 Nc6 18. c5 h6 19. Ba4 Nb4 20. Bb3 Kf7 21. a3
Nc6 22. Ba4 Ne7 23. Bd7 Bxd7 24. Ne5+ Ke8 25. Nxd7 Kf7 26. Nxf8 Rxf8 27. Rd7 Rb8
28. Rd8 Rxd8 29. Rxd8 Kf6 30. Rd7 Nc6 31. Rxb7 g5 32. Rb6 Nd4 33. c6 Ke7 34. c7
Kd7 35. Rd6+ Kxc7 36. Rxd4 1-0

[Event "European Blitz 2015"]
[Site "Minsk BLR"]
[Date "2015.12.18"]
[Round "19.45"]
[White "Kalinin, Michail Borisovich"]
[Black "Martynov, Roman"]
[Result "0-1"]
[WhiteElo "2380"]
[BlackElo "2284"]
[WhiteFideId "4144104"]
[BlackFideId "14132044"]
[EventDate "2015.12.18"]
[EventType "swiss (blitz)"]

1. d4 Nf6 2. Nf3 e6 3. e3 c5 4. Bd3 cxd4 5. exd4 b6 6. O-O Bb7 7. Nbd2 Be7 8. b3
O-O 9. Bb2 Nc6 10. a3 Rc8 11. b4 d5 12. Ne5 Nxe5 13. dxe5 Nd7 14. Bd4 Rc7 15. f4
g6 16. Qe2 Nb8 17. Nf3 Qc8 18. h3 Ba6 19. b5 Bb7 20. Nh2 Nd7 21. g4 Nc5 22. f5
Nxd3 23. cxd3 Bg5 24. h4 Rc2 25. Qf3 Bxh4 26. Qe3 Qd8 0-1

[Event "European Blitz 2015"]
[Site "Minsk BLR"]
[Date "2015.12.18"]
[Round "19.46"]
[White "Ginzburg, Mikhail"]
[Black "Fomin, Taras"]
[Result "1-0"]
[WhiteTitle "FM"]
[WhiteElo "2229"]
[BlackElo "2312"]
[WhiteFideId "13501097"]
[BlackFideId "4120604"]
[EventDate "2015.12.18"]
[EventType "swiss (blitz)"]

1. e4 c5 2. Nf3 Nc6 3. d4 cxd4 4. Nxd4 e5 5. Nb5 d6 6. N1c3 a6 7. Na3 b5 8. Nd5
Nce7 9. c4 Nxd5 10. exd5 bxc4 11. Nxc4 Nf6 12. Be3 Rb8 13. a4 Be7 14. Be2 O-O
15. O-O Bb7 16. Nb6 Qe8 17. a5 Bd8 18. Bc4 e4 19. Qd2 Ng4 20. Bd4 f5 21. h3 Ne5
22. b3 Rf6 23. Rae1 Qh5 24. f4 exf3 25. Bxe5 dxe5 26. Rxe5 fxg2 27. Rfe1 Bxb6+
28. axb6 Rd6 29. Qd3 g6 30. Re8+ Rxe8 31. Rxe8+ Kf7 32. Qe3 Qd1+ 33. Kxg2 Qc2+
34. Kg3 f4+ 35. Qxf4+ Qf5 36. Qxf5+ gxf5 37. Rb8 Rxb6 38. Kf4 Ke7 39. Rh8 Kd6
40. Rxh7 Bxd5 41. Rh6+ Kc5 42. Rxb6 Bxc4 43. Rb8 Bd3 44. h4 Be2 45. Kxf5 Kd4 46.
Kg5 1-0

[Event "European Blitz 2015"]
[Site "Minsk BLR"]
[Date "2015.12.18"]
[Round "19.47"]
[White "Bilan, Danila"]
[Black "Kazakovskiy, Valeriy"]
[Result "0-1"]
[BlackTitle "IM"]
[WhiteElo "2187"]
[BlackElo "2342"]
[WhiteFideId "24161918"]
[BlackFideId "13507443"]
[EventDate "2015.12.18"]
[EventType "swiss (blitz)"]

1. d4 Nf6 2. c4 e6 3. Nf3 Bb4+ 4. Bd2 Qe7 5. Nc3 O-O 6. e3 d6 7. Be2 e5 8. O-O
Bxc3 9. Bxc3 Nc6 10. Qc2 Bg4 11. Rae1 h6 12. d5 Nb8 13. e4 a5 14. Nd2 Bxe2 15.
Rxe2 Nbd7 16. f4 exf4 17. Rxf4 Ne5 18. Bxe5 Qxe5 19. Ref2 Rae8 20. g3 Nd7 21.
Nf3 Qe7 22. Nd4 Ne5 23. Nf5 Qg5 24. b3 h5 25. Kg2 g6 26. Nd4 Kg7 27. h4 Qd8 28.
Qd2 Ng4 29. Re2 Re7 30. Nf3 Rfe8 31. Qd4+ Kg8 32. Ng5 c5 33. dxc6 bxc6 34. Rd2
Rd7 35. c5 d5 36. e5 Nxe5 37. Rdf2 f5 38. Nf3 Ng4 39. Rd2 Re4 40. Rxe4 fxe4 41.
Ng5 Qf6 42. Re2 Qxd4 0-1

[Event "European Blitz 2015"]
[Site "Minsk BLR"]
[Date "2015.12.18"]
[Round "19.48"]
[White "Veremeichik, Vladimir"]
[Black "Molchanova, Tatjana"]
[Result "1-0"]
[BlackTitle "WGM"]
[WhiteElo "2298"]
[BlackElo "2245"]
[WhiteFideId "13500384"]
[BlackFideId "4132203"]
[EventDate "2015.12.18"]
[EventType "swiss (blitz)"]

1. d4 d5 2. c4 c6 3. cxd5 cxd5 4. Nc3 Nf6 5. Bf4 a6 6. e3 Nc6 7. Bd3 g6 8. Nf3
Bg7 9. h3 O-O 10. O-O Bf5 11. Bxf5 gxf5 12. Ne5 e6 13. Nxc6 bxc6 14. Bg5 Qd6 15.
Bxf6 Bxf6 16. Na4 Kh8 17. Rc1 Rg8 18. f4 Rg6 19. Qc2 Rag8 20. Rf2 Bh4 21. Re2
Qb4 22. Nc5 Bf6 23. Nd3 Rg3 24. Nxb4 1-0

[Event "European Blitz 2015"]
[Site "Minsk BLR"]
[Date "2015.12.18"]
[Round "19.49"]
[White "Goganov, Aleksey"]
[Black "Savitski, Andrei"]
[Result "1-0"]
[WhiteTitle "GM"]
[WhiteElo "2597"]
[BlackElo "2149"]
[WhiteFideId "24109959"]
[BlackFideId "13506161"]
[EventDate "2015.12.18"]
[EventType "swiss (blitz)"]

1. d4 d5 2. c4 c6 3. Nf3 Nf6 4. e3 g6 5. Nc3 Bg7 6. Be2 O-O 7. O-O Bg4 8. cxd5
cxd5 9. Qb3 b6 10. h3 Bxf3 11. Bxf3 e6 12. Bd2 Nc6 13. Qb5 Na5 14. b3 a6 15. Qd3
Nd7 16. Rac1 Nb7 17. Rc2 Qe7 18. Rfc1 Nd6 19. Na4 b5 20. Nc5 Rfc8 21. a4 bxa4
22. Nxa4 Rxc2 23. Rxc2 Nb5 24. Rc6 Qa3 25. Qc2 Bf8 26. h4 h5 27. g3 Qa1+ 28. Kg2
Qa3 29. Qb2 Qe7 30. Qc2 Qd8 31. Qd3 Rc8 32. Rxa6 Nd6 33. Nc3 Nb8 34. Ra1 Nc6 35.
Ne2 Qb6 36. Rc1 Rb8 37. Nf4 Ne7 38. Rb1 Nef5 39. Bc1 Nb5 40. Bd2 Rc8 41. Rc1 Rb8
42. Qe2 Ba3 43. Rb1 Bd6 44. Nd3 Na3 45. Rb2 Qa6 46. Nf4 Qb6 47. Nd3 Be7 48. Ne5
Bd6 49. Nd7 Qb7 50. Nxb8 Qxb8 51. Qd3 Nb5 52. Ra2 Bxg3 53. Ra5 Nxh4+ 54. Kf1
Nxf3 1-0

[Event "European Blitz 2015"]
[Site "Minsk BLR"]
[Date "2015.12.18"]
[Round "20.2"]
[White "Zubov, Alexander"]
[Black "Belous, Vladimir"]
[Result "0-1"]
[WhiteTitle "GM"]
[BlackTitle "GM"]
[WhiteElo "2601"]
[BlackElo "2557"]
[WhiteFideId "14109409"]
[BlackFideId "4174003"]
[EventDate "2015.12.18"]
[EventType "swiss (blitz)"]

1. d4 Nf6 2. c4 g6 3. Nc3 d5 4. e3 Bg7 5. Qb3 e6 6. Nf3 O-O 7. Be2 dxc4 8. Qxc4
b6 9. b4 c5 10. bxc5 Ba6 11. Nb5 bxc5 12. O-O cxd4 13. Nfxd4 Nd5 14. a4 Nd7 15.
Ba3 Rc8 16. Qb3 Nc5 17. Bxc5 Rxc5 18. Rac1 Rxc1 19. Rxc1 Bxd4 20. Nxd4 Bxe2 21.
Nxe2 Qb6 22. Qc2 Rd8 23. h4 Nb4 24. Qe4 Nd3 25. Rd1 Nc5 26. Rxd8+ Qxd8 27. Qc4
Qd1+ 28. Kh2 Nd3 29. Nc3 Qc2 30. f3 Ne1 0-1

[Event "European Blitz 2015"]
[Site "Minsk BLR"]
[Date "2015.12.18"]
[Round "20.4"]
[White "Bortnyk, Mykola"]
[Black "Ponkratov, Pavel"]
[Result "1-0"]
[WhiteTitle "IM"]
[BlackTitle "GM"]
[WhiteElo "2416"]
[BlackElo "2604"]
[WhiteFideId "14120836"]
[BlackFideId "4157800"]
[EventDate "2015.12.18"]
[EventType "swiss (blitz)"]

1. e4 e6 2. Nf3 d5 3. Nc3 Nf6 4. e5 Nfd7 5. d4 c5 6. dxc5 Nc6 7. Bf4 Be7 8. Bb5
Nxc5 9. O-O a6 10. Bxc6+ bxc6 11. Nd4 Qb6 12. Qg4 g6 13. Rab1 h5 14. Qf3 Nd7 15.
Rfd1 g5 16. Be3 Nxe5 17. Qe2 Qc7 18. Nb3 Ng4 19. g3 Nxe3 20. Qxe3 h4 21. a4 Rb8
22. Nc5 Rb4 23. Ne2 hxg3 24. hxg3 d4 25. Nxd4 Bxc5 26. Nxe6 Bxe6 27. Qxc5 Qe7
28. Qxc6+ Kf8 29. Re1 a5 30. b3 Qf6 31. Rbd1 Kg7 32. Rd6 Rd4 33. Rexe6 fxe6 34.
Qd7+ Kg6 35. Rxd4 Qe5 36. Rd1 g4 37. Qd4 Qh5 38. Qe4+ Kf6 39. Rd6 Re8 40. c4 Qc5
41. Qf4+ Qf5 42. Qxf5+ Kxf5 43. Ra6 Ke4 44. Kg2 Rb8 45. Rxe6+ Kd4 46. Re3 Rb7
47. Kf1 Rb6 48. Ke2 Rb7 49. f3 Rh7 50. Rd3+ Kc5 51. fxg4 Kb4 52. Kf3 Rf7+ 53.
Ke4 Re7+ 54. Kf5 Rf7+ 55. Kg6 Rf2 56. g5 1-0

[Event "European Blitz 2015"]
[Site "Minsk BLR"]
[Date "2015.12.18"]
[Round "20.6"]
[White "Roiz, Michael"]
[Black "Grachev, Boris"]
[Result "1/2-1/2"]
[WhiteTitle "GM"]
[BlackTitle "GM"]
[WhiteElo "2594"]
[BlackElo "2652"]
[WhiteFideId "2804158"]
[BlackFideId "4129199"]
[EventDate "2015.12.18"]
[EventType "swiss (blitz)"]

1. d4 d5 2. c4 e6 3. Nf3 Nf6 4. g3 Bb4+ 5. Bd2 Be7 6. Bg2 c6 7. O-O O-O 8. Bf4
dxc4 9. Ne5 Nd5 10. Nxc4 Nxf4 11. gxf4 Nd7 12. Nc3 Nb6 13. Ne5 Nd5 14. e3 f6 15.
Nd3 Kh8 16. Ne4 Bd7 17. Nec5 Bxc5 18. Nxc5 b6 19. Nxd7 Qxd7 20. Rc1 Rac8 21. Qa4
Rc7 22. Rc2 Rfc8 23. Rfc1 Qd6 24. a3 h6 25. Qb3 c5 26. dxc5 Rxc5 27. Rxc5 Rxc5
28. Rd1 f5 29. Qd3 Qc6 30. Bf3 Rc1 31. Kg2 Rxd1 32. Qxd1 Qc4 33. Be2 Qe4+ 34.
Bf3 Qc4 35. Qd2 Kg8 36. h4 Kf7 37. Qd1 Kf8 38. Be2 Qe4+ 39. Bf3 Qc4 40. Be2 1/2-1/2